000 00722nam a2200229 i 4500
001 17309
003 ES-MaACL
005 20231114062528.0
007 t|
008 010126s2000 sp ||||1| spa d
020 _a84-322-1053-6
080 _a821.134.2(729.1)-31"19"
100 1 _aCabrera Infante, Guillermo.
_933315
245 1 0 _aLa Habana para un infante difunto
_b: edición definitiva /
_cGuillermo Cabrera Infante.
250 _a5ª ed. en colección Biblioteca Breve.
260 _aBarcelona :
_bSeix Barral,
_c2000.
300 _a509 p. ;
_c24 cm.
490 1 _aBiblioteca breve
830 0 _aBiblioteca breve (Seix Barral)
_9227188
852 _aES-MaACL
_jL-24227
_bR.129217
999 _c17309
_d17309